| 000 | 02458cam a2200385 4500500 | ||
|---|---|---|---|
| 005 | 20251228070447.0 | ||
| 041 | _afre | ||
| 042 | _adc | ||
| 100 | 1 | 0 |
_aDelobette, Édouard _eauthor |
| 245 | 0 | 0 | _aLes petits ports et havres normands dans la seconde moitié du xviie siècle |
| 260 | _c2016. | ||
| 500 | _a10 | ||
| 520 | _aDemeurés à l’écart du grand dessein maritime de Colbert, les petits ports, havres et rades de Normandie, ainsi que les cours d’eau navigables, tirent malgré tout leur épingle du jeu s’ils ont l’avantage d’être animés par des élites marchandes entreprenantes en pêche comme en cabotage, voire par la pluriactivité, ce qui est loin d’être le cas pour de nombreuses communautés littorales. La configuration de leurs rivages et accès portuaires jouent bien évidemment un rôle tout aussi important dans le développement de leurs activités halieutiques ou de transport par cabotage. Les intendants encouragent toute synergie entre l’établissement de manufactures et les circuits de cabotage, soutiennent le timide essor des armements terreneuviers bas-normands, mais les guerres successives entreprises au nom du culte solaire royal remettent rapidement en cause tous les efforts accomplis. | ||
| 520 | _aForgotten in the grand designs of Colbert’s maritime strategy, small Norman ports and harbours as well as navigable rivers managed to prosper when merchant elites devoted activities to fisheries and local transport. Their success was, of course, dependant on access to fishery resources and to regional ports. Intendants encouraged synergies between manufacturers and coastal trade and the Newfoundland fisheries, but wars to maintain royal prestige undermined all these efforts. | ||
| 690 | _acabotage | ||
| 690 | _acommerce maritime | ||
| 690 | _acommunautés littorales | ||
| 690 | _ae | ||
| 690 | _aNormandie | ||
| 690 | _apêches | ||
| 690 | _aports maritimes | ||
| 690 | _asiècle | ||
| 690 | _atravaux publics | ||
| 690 | _axvii | ||
| 690 | _acoastal shipping | ||
| 690 | _aFisheries | ||
| 690 | _aNormandy | ||
| 690 | _aOversees trade | ||
| 690 | _aPublic works | ||
| 690 | _aSeaports | ||
| 690 | _aseaside communities | ||
| 690 | _aSeventeenth Century | ||
| 786 | 0 | _nAnnales de Normandie | 65e aée | 2 | 2016-01-15 | p. 3-28 | 0003-4134 | |
| 856 | 4 | 1 | _uhttps://shs.cairn.info/revue-annales-de-normandie-2015-2-page-3?lang=fr&redirect-ssocas=7080 |
| 999 |
_c1592792 _d1592792 |
||